Slovník anglických frázových sloves a odvozených jmenných složenin

Salvato in:
Dettagli Bibliografici
Autore principale: Valeška, Jan
Natura: Libro
Lingua:inglese
ceco
Pubblicazione: Praha Argo 2014
Edizione:1. vyd.
Soggetti:
Tags: Aggiungi Tag
Nessun Tag, puoi essere il primo ad aggiungerne!!

MARC

LEADER 00000nam a2200000 4500
001 0234808
005 20221207093821.1
020 |a 978-80-257-1011-1 
041 0 |a eng 
041 0 |a cze 
044 |a CZ 
245 1 0 |a Slovník anglických frázových sloves a odvozených jmenných složenin  |c Jan Valeška 
250 |a 1. vyd. 
264 1 |a Praha  |b Argo  |c 2014 
300 |a 970 s. 
610 2 0 |a jazykoveda 
610 2 0 |a terminológia 
610 2 0 |a frazeológia 
610 2 0 |a pojmy 
610 2 0 |a jazyky cudzie 
100 1 |a Valeška, Jan